guess the cyclist 1 - Statistics

General Stats
  • This quiz has been taken 26 times
  • The average score is 6 of 16
Answer Stats
Picture Answer % Correct
Thomas Voeckler
77%
Daniel Oss
73%
Nacer Bouhanni
64%
Pierre Rolland
64%
Alexandre Vinokourov
59%
Tony Gallopin
59%
Sonny Colbrelli
45%
Andrey Amador
41%
Ivan Basso
32%
Kenny Elissonde
32%
Alexandre Geniez
18%
Jens Keukeleire
18%
Daryl Impey
9%
Hugh Carty
9%
Sebastian Langeveld
9%
Ben Hermans
5%
No matching quizzes found
Score Distribution
Percent of People with Each Score
Percentile by Number Answered
Your Score History
You have not taken this quiz